| 000 | 00561nam a22001697a 4500 | ||
|---|---|---|---|
| 008 | 160218b xxu||||| |||| 00| 0 eng d | ||
| 020 | _a9789712360909 | ||
| 082 |
_22011 _aDFil 658.4012 _bZ1 |
||
| 100 |
_93027 _aZarate, Cynthia A. |
||
| 245 |
_aBusiness policy and strategy/ _cCynthia A. Zarate |
||
| 260 |
_aManila, Philippines: _bRex Book Store, _cc2011. |
||
| 300 |
_aix, 152 pages: _billustrations; _c25 cm. |
||
| 500 | _aIncludes bibliographical references and index. | ||
| 650 | 0 |
_93029 _aManagement |
|
| 650 | 0 |
_93030 _aBusiness planning |
|
| 942 |
_2ddc _cDFIL |
||
| 999 |
_c1097 _d1097 |
||